Predaj tovaru na území Európskeho spoločenstva v procese DPH s príkladmi

Zdaňovanie tzv intrakomunitárnych obchodov v rámci EÚ, s výnimkou tovaru, ktorý je predmetom spotrebnej dane, tovaru dodávaného s montážou alebo inštaláciou a použitého tovaru. Princíp zdanenia v štáte určenia. Dodanie tovaru z tuzemska do iného členského štátu. Kedy platiteľ uvádza dodanie tovaru z...

ver descrição completa

Na minha lista:
Detalhes bibliográficos
Autor principal: Ondrášová, Zuzana
Formato: Capítulo de Livro
Idioma:eslovaco
Assuntos:
Tags: Adicionar Tag
Sem tags, seja o primeiro a adicionar uma tag!

MARC

LEADER 00000naa$a2200000$$$4500
001 0059886
005 20231106073311.8
041 0 |a slo 
044 |a SK 
245 1 0 |a Predaj tovaru na území Európskeho spoločenstva v procese DPH s príkladmi  |c Zuzana Ondrášová 
520 |a Zdaňovanie tzv intrakomunitárnych obchodov v rámci EÚ, s výnimkou tovaru, ktorý je predmetom spotrebnej dane, tovaru dodávaného s montážou alebo inštaláciou a použitého tovaru. Princíp zdanenia v štáte určenia. Dodanie tovaru z tuzemska do iného členského štátu. Kedy platiteľ uvádza dodanie tovaru z tuzemska do iného členského štátu v daňovom priznaní. 
610 2 0 |a Európska únia 
610 2 0 |a obchod 
610 2 0 |a zdaňovanie 
610 2 0 |a priznania daňové 
100 1 |a Ondrášová, Zuzana